00510nam a2200133Ia 4500008004100000100002100041245008500062245008000147260005300227260000900280300001100289650001500300856006100315170221s9999 xx 000 0 und d aIl’ia A. Bykov aManaging Governmental Public Relations in Russia: Evidences from St. Petersburg  cIl’ia A. Bykov, Igor M. Pobedinskiy, Vera A. Achkasova, Aleksey E. Kuzmin bInternational Review of Management and Marketing c2016 a6 : 5S xMarketing. uhttp://www.econjournals.com/index.php/irmm/issue/view/83